Předchůdci neoklasické ekonomie

Konštituovanie a periodizácia neoklasickej ekonómie. Predchodcovia teórie úžitku a hraničného úžitku do 19. storočia. Korene všeobecnej koncepcie v klasickej, resp. neoklasickej ekonomii. "Neviditeľná ruka" a Adam Smith. Priekopníci neoklasického prístupu v 19. storočí. Moderná neoklasická koncepc...

Ausführliche Beschreibung

Gespeichert in:
Bibliographische Detailangaben
1. Verfasser: Sirůček, Pavel
Weitere Verfasser: Džbánková, Zuzana
Format: Buchkapitel
Sprache:Tschechisch
Schlagworte:
Tags: Tag hinzufügen
Keine Tags, Fügen Sie das erste Tag hinzu!

MARC

LEADER 00000naa$a2200000$$$4500
001 0082970
005 20231107072543.5
041 0 |a cze 
044 |a CZ 
245 1 0 |a Předchůdci neoklasické ekonomie  |c Pavel Sirůček, Zuzana Džbánková 
520 |a Konštituovanie a periodizácia neoklasickej ekonómie. Predchodcovia teórie úžitku a hraničného úžitku do 19. storočia. Korene všeobecnej koncepcie v klasickej, resp. neoklasickej ekonomii. "Neviditeľná ruka" a Adam Smith. Priekopníci neoklasického prístupu v 19. storočí. Moderná neoklasická koncepcia v 20 storočí. 
610 2 0 |a teórie ekonomické 
610 2 0 |a dejiny myslenia ekonomického 
610 2 0 |a ekonómia politická klasická 
610 2 0 |a ekonómia politická 
610 2 0 |a mikroekonomika 
610 2 0 |a makroekonomika 
610 2 0 |a osobnosť 
610 2 0 |a teória úžitku hraničného 
610 2 0 |a teória úžitku 
610 2 0 |a neoklasicizmus 
100 1 |a Sirůček, Pavel 
700 1 |a Džbánková, Zuzana